[Event "Vbg98-ch"]
[Site "Hohenems"]
[Date "1998.04.25"]
[Round "1"]
[White "Gaertner, G."]
[Black "Bezler, R."]
[Result "1-0"]
[WhiteElo "2315"]
[BlackElo "2245"]
[PlyCount "95"]
[EventDate "1998.04.25"]

1. d4 Nf6 2. c4 e6 3. Nc3 b6 4. e4 d6 5. Nf3 c5 6. dxc5 dxc5 7. Qxd8+ Kxd8 8.
Bg5 h6 9. O-O-O+ Bd7 10. Bh4 g5 11. Bg3 Nc6 12. Be2 Nh5 13. Ne5 Nxe5 14. Bxe5
f6 15. Bd6 Nf4 16. Bf3 Bxd6 17. Rxd6 Ke7 18. Rhd1 Rad8 19. g3 Ng6 20. b3 Ne5
21. Bg2 Bc6 22. Rxd8 Rxd8 23. Rxd8 Kxd8 24. f3 Ke7 25. Kd2 Ng6 26. Bh3 h5 27.
Ke3 h4 28. Bg4 hxg3 29. hxg3 Kd6 30. Bh5 Ne7 31. Bf7 a6 32. f4 gxf4+ 33. gxf4
Bd7 34. e5+ fxe5 35. Ne4+ Kc7 36. fxe5 Nc6 37. Kf4 Kd8 38. Bg6 Nb4 39. Nc3 Bc6
40. a3 Nd5+ 41. cxd5 exd5 42. e6 d4 43. Ne4 Bd5 44. Ke5 Bxb3 45. Kd6 Bxe6 46.
Kxe6 c4 47. Kd5 c3 48. Nf2 1-0

[Event "Vbg98-ch"]
[Site "Hohenems"]
[Date "1998.04.25"]
[Round "1"]
[White "Paunovic, D."]
[Black "Kostic, V."]
[Result "1/2-1/2"]
[WhiteElo "2475"]
[BlackElo "2420"]
[PlyCount "30"]
[EventDate "1998.04.25"]

1. e4 c6 2. d4 d5 3. Nc3 dxe4 4. Nxe4 Bf5 5. Ng3 Bg6 6. h4 h6 7. h5 Bh7 8. Nf3
Nf6 9. Bd3 Bxd3 10. Qxd3 Nbd7 11. Bf4 Qa5+ 12. Bd2 Qc7 13. O-O-O e6 14. Kb1
O-O-O 15. c4 c5 1/2-1/2

[Event "Vbg98-ch"]
[Site "Hohenems"]
[Date "1998.04.25"]
[Round "1"]
[White "Videki, S."]
[Black "Schmidlechner, A."]
[Result "1-0"]
[WhiteElo "2430"]
[BlackElo "2175"]
[PlyCount "87"]
[EventDate "1998.04.25"]

1. e4 g6 2. d4 c6 3. Nc3 d5 4. Nf3 Bg7 5. h3 Nf6 6. e5 Ne4 7. Bd3 Nxc3 8. bxc3
Nd7 9. O-O Nb6 10. Bf4 O-O 11. Qd2 Nc4 12. Bxc4 dxc4 13. Bh6 Be6 14. Nh4 Bd5
15. Nf5 Bxh6 16. Nxh6+ Kg7 17. Ng4 Be6 18. Ne3 Qd7 19. a4 Rad8 20. Qe2 c5 21.
Rad1 cxd4 22. cxd4 Bd5 23. f4 f5 24. exf6+ exf6 25. f5 Rfe8 26. fxg6 hxg6 27.
Qf2 Re6 28. Ng4 Qe7 29. Rde1 Be4 30. d5 Bxd5 31. Rxe6 Bxe6 32. Qe3 Rf8 33. Qh6+
Kf7 34. Rxf6+ Ke8 35. Qxg6+ Bf7 36. Qf5 Qd7 37. Qe5+ Qe7 38. Qb8+ Qd8 39. Qxd8+
Kxd8 40. Ne5 Ke7 41. Rxf7+ Rxf7 42. Nxf7 Kxf7 43. Kf2 a5 44. Ke3 1-0

[Event "Vbg98-ch"]
[Site "Hohenems"]
[Date "1998.04.26"]
[Round "2"]
[White "Bezler, R."]
[Black "Spiegel, W."]
[Result "0-1"]
[WhiteElo "2245"]
[BlackElo "2175"]
[PlyCount "30"]
[EventDate "1998.04.25"]

1. d4 Nf6 2. c4 g6 3. Nc3 d5 4. Bf4 Bg7 5. h3 O-O 6. e3 c5 7. Nf3 Nc6 8. dxc5
Qa5 9. cxd5 Nxd5 10. Qxd5 Bxc3+ 11. Ke2 Bxb2 12. Rb1 Be6 13. Qd2 Bc3 14. Qc2
Rad8 15. e4 Bc4+ 0-1

[Event "Vbg98-ch"]
[Site "Hohenems"]
[Date "1998.04.26"]
[Round "2"]
[White "Schmidlechner, A."]
[Black "Gasser, K."]
[Result "1-0"]
[WhiteElo "2175"]
[BlackElo "2115"]
[PlyCount "121"]
[EventDate "1998.04.25"]

1. d4 Nf6 2. c4 g6 3. Nc3 Bg7 4. e4 d6 5. h3 O-O 6. Bg5 Nbd7 7. Nf3 e5 8. d5 a5
9. Bd3 c6 10. O-O h6 11. Be3 Nh5 12. dxc6 bxc6 13. Bc2 Qf6 14. Ba4 Ra6 15. a3
Nb6 16. Bb5 cxb5 17. cxb5 d5 18. bxa6 d4 19. Bd2 dxc3 20. Bxc3 Rd8 21. Qc1 Re8
22. Bxa5 Bxa6 23. Re1 Nf4 24. Qc7 Nc4 25. Bc3 Nxh3+ 26. Kh2 Qf4+ 27. Kh1 Nxf2+
28. Kg1 Nh3+ 29. Kh1 Nf2+ 30. Kg1 Nxe4 31. Qc6 Ncd6 32. Qxa6 Nxc3 33. Qxd6 Ne4
34. Qc6 Nf6 35. Re2 Re6 36. Qc8+ Kh7 37. Rae1 e4 38. Nh2 h5 39. Qc1 Qxc1 40.
Rxc1 Rb6 41. Rcc2 g5 42. Nf1 Kg6 43. b4 g4 44. Nd2 Kf5 45. Nc4 Re6 46. Ne3+ Kg6
47. b5 Ne8 48. Nd5 Kf5 49. Ne3+ Ke5 50. a4 Nd6 51. a5 Nxb5 52. Rc5+ Kd4 53.
Rxb5 Kd3 54. Kf1 Bc3 55. Rd5+ Bd4 56. Nf5 Rf6 57. Rxd4+ Kc3 58. Rd5 Kc4 59. Re5
Kd3 60. Re3+ Kd2 61. R3xe4 1-0

[Event "Vbg98-ch"]
[Site "Hohenems"]
[Date "1998.04.26"]
[Round "2"]
[White "Grabher, H."]
[Black "Videki, S."]
[Result "0-1"]
[WhiteElo "2260"]
[BlackElo "2430"]
[PlyCount "52"]
[EventDate "1998.04.25"]

1. e4 c5 2. Nf3 d6 3. d4 Nf6 4. Nc3 cxd4 5. Nxd4 Nc6 6. Bc4 e6 7. Be3 a6 8. Qe2
Qc7 9. O-O-O Na5 10. Bb3 b5 11. Kb1 Nd7 12. f4 Nc5 13. f5 b4 14. Na4 Naxb3 15.
cxb3 e5 16. Nf3 Nxe4 17. g4 Qb7 18. Nb6 h5 19. Nxa8 Qxa8 20. Rhf1 hxg4 21. Ng5
Be7 22. Qxg4 Bxg5 23. Bxg5 g6 24. Rc1 gxf5 25. Rxf5 Nxg5 26. Qxg5 Qe4+ 0-1

[Event "Vbg98-ch"]
[Site "Hohenems"]
[Date "1998.04.26"]
[Round "2"]
[White "Kostic, V."]
[Black "Velickovic, S."]
[Result "1/2-1/2"]
[WhiteElo "2420"]
[BlackElo "2395"]
[PlyCount "39"]
[EventDate "1998.04.25"]

1. e4 d6 2. d4 Nf6 3. Nc3 g6 4. g3 Bg7 5. Bg2 O-O 6. Nge2 e5 7. h3 Nc6 8. Be3
Re8 9. O-O Bd7 10. Qd2 Qc8 11. Kh2 a6 12. a4 Rb8 13. f4 exd4 14. Nxd4 Nxd4 15.
Bxd4 Bc6 16. Rae1 Qd7 17. b3 Rbd8 18. Re2 Re7 19. Rfe1 Rde8 20. Qd3 1/2-1/2

[Event "Vbg98-ch"]
[Site "Hohenems"]
[Date "1998.04.26"]
[Round "2"]
[White "Gaertner, G."]
[Black "Paunovic, D."]
[Result "1/2-1/2"]
[WhiteElo "2315"]
[BlackElo "2475"]
[PlyCount "21"]
[EventDate "1998.04.25"]

1. d4 Nf6 2. c4 g6 3. Nc3 Bg7 4. e4 d6 5. h3 O-O 6. Be3 Nbd7 7. Bd3 a6 8. Nf3
c6 9. e5 Ne8 10. exd6 Nxd6 11. O-O 1/2-1/2

[Event "Vbg98-ch"]
[Site "Hohenems"]
[Date "1998.04.27"]
[Round "3"]
[White "Paunovic, D."]
[Black "Bezler, R."]
[Result "1-0"]
[WhiteElo "2475"]
[BlackElo "2245"]
[PlyCount "101"]
[EventDate "1998.04.25"]

1. d4 Nf6 2. Nf3 g6 3. g3 Bg7 4. Bg2 O-O 5. c4 d6 6. O-O Nbd7 7. Qc2 c6 8. Nc3
a6 9. e4 e5 10. Rd1 Re8 11. dxe5 dxe5 12. c5 Qc7 13. Na4 Rb8 14. b3 Nf8 15. h3
Be6 16. Bb2 N6d7 17. Bc3 Rbd8 18. Qb2 f6 19. Rd3 Nb8 20. Rxd8 Rxd8 21. Nd2 Qe7
22. Bf1 Nbd7 23. Ba5 Ra8 24. Qc3 h5 25. Qb4 Ra7 26. Nc4 h4 27. Nd6 hxg3 28. Nc8
gxf2+ 29. Kxf2 Qf7 30. Nxa7 f5 31. Kg1 Nf6 32. Nc3 Bh6 33. Bg2 Be3+ 34. Kh1 Qe7
35. Qb6 Ng4 36. Nd1 Bxc5 37. Qd8 Qh7 38. exf5 gxf5 39. Bb6 Be7 40. Qd2 f4 41.
Nf2 Nd7 42. Nc8 Bf6 43. Nxg4 Bxg4 44. Kg1 Be6 45. Rf1 Qg7 46. Ba7 e4 47. Qxf4
Be5 48. Qxe4 Qg3 49. Ne7+ Kg7 50. Nf5+ Bxf5 51. Rxf5 1-0

[Event "Vbg98-ch"]
[Site "Hohenems"]
[Date "1998.04.27"]
[Round "3"]
[White "Velickovic, S."]
[Black "Gaertner, G."]
[Result "1/2-1/2"]
[WhiteElo "2395"]
[BlackElo "2315"]
[PlyCount "43"]
[EventDate "1998.04.25"]

1. e4 c5 2. Nc3 e6 3. Nge2 Nc6 4. g3 Nf6 5. Bg2 d5 6. exd5 exd5 7. O-O d4 8.
Ne4 Be7 9. Nxf6+ Bxf6 10. Nf4 O-O 11. d3 Be5 12. Bd2 Bf5 13. a3 Qd7 14. Re1
Rfe8 15. Qf3 Bg4 16. Qd5 Qxd5 17. Nxd5 Bd6 18. h3 Bd7 19. b4 Rxe1+ 20. Rxe1 Re8
21. Rxe8+ Bxe8 22. Kf1 1/2-1/2

[Event "Vbg98-ch"]
[Site "Hohenems"]
[Date "1998.04.27"]
[Round "3"]
[White "Videki, S."]
[Black "Kostic, V."]
[Result "1-0"]
[WhiteElo "2430"]
[BlackElo "2420"]
[PlyCount "115"]
[EventDate "1998.04.25"]

1. e4 c5 2. Nf3 d6 3. d4 cxd4 4. Nxd4 Nf6 5. Nc3 Nc6 6. Bg5 Bd7 7. Qd2 Rc8 8.
f4 Nxd4 9. Qxd4 Qa5 10. e5 dxe5 11. fxe5 e6 12. O-O-O Bc6 13. Nb5 Bxb5 14. exf6
Ba4 15. Bd2 Rxc2+ 16. Kb1 Rxd2 17. Rxd2 gxf6 18. Bd3 Bc6 19. Rhd1 Be7 20. Be4
O-O 21. Rd3 Rd8 22. Bxh7+ Kxh7 23. Qh4+ Kg7 24. Rg3+ Qg5 25. Rxd8 Bxd8 26.
Rxg5+ fxg5 27. Qd4+ Bf6 28. Qxa7 Bxg2 29. Qe3 Bd5 30. a4 Be7 31. Qe5+ Kg6 32.
Qc7 Bb4 33. Qb6 Bd2 34. Qf2 Bf4 35. b4 f5 36. a5 Bd6 37. b5 g4 38. a6 bxa6 39.
bxa6 f4 40. Qc2+ Kf6 41. Qf2 Kg6 42. Qb6 Be5 43. a7 Kf5 44. Qd8 f3 45. Qf8+ Ke4
46. a8=Q Bxa8 47. Qxa8+ Ke3 48. Qa3+ Ke4 49. Qb4+ Kf5 50. Qc5 Ke4 51. Qf2 Bf4
52. Kc2 e5 53. Qh4 Ke3 54. Qe1+ Kd4 55. Qg1+ Ke4 56. Qxg4 Ke3 57. h4 e4 58. Kd1
1-0

[Event "Vbg98-ch"]
[Site "Hohenems"]
[Date "1998.04.27"]
[Round "3"]
[White "Gasser, K."]
[Black "Grabher, H."]
[Result "0-1"]
[WhiteElo "2115"]
[BlackElo "2260"]
[PlyCount "108"]
[EventDate "1998.04.25"]

1. Nf3 Nc6 2. c4 e5 3. Nc3 Nf6 4. e3 Bb4 5. Nd5 e4 6. Ng1 O-O 7. a3 Bd6 8. Qc2
Re8 9. Ne2 b5 10. Nxf6+ Qxf6 11. cxb5 Ne5 12. Ng3 Bb7 13. Nxe4 Qg6 14. f3 Nxf3+
15. gxf3 Rxe4 16. d3 Re5 17. e4 f5 18. Be3 fxe4 19. dxe4 Rf8 20. Rg1 Qh5 21.
Qg2 Re7 22. Bg5 Re6 23. Bc4 Qxf3 24. Bxe6+ dxe6 25. Qxf3 Rxf3 26. Rf1 Rb3 27.
Rf2 Rxb5 28. Be3 a6 29. Bd4 Bxe4 30. Rd1 Bf5 31. b4 a5 32. Bc3 axb4 33. axb4
Kf7 34. Rg2 g6 35. Rb2 Ke7 36. h4 Bg3+ 37. Kf1 Bxh4 38. Bd4 Bg3 39. Bc5+ Kf6
40. Rd7 g5 41. Bd4+ Kg6 42. Bc5 h5 43. Ra2 Rb8 44. Rb2 Ra8 45. Bf2 Bf4 46. Rd1
Be4 47. Ke2 Bd5 48. Kd3 Kf5 49. Ke2 Ra3 50. Kf1 h4 51. Bg1 g4 52. b5 h3 53.
Rxd5+ exd5 54. Bd4 Ra1+ 0-1

[Event "Vbg98-ch"]
[Site "Hohenems"]
[Date "1998.04.27"]
[Round "3"]
[White "Spiegel, W."]
[Black "Schmidlechner, A."]
[Result "0-1"]
[WhiteElo "2175"]
[BlackElo "2175"]
[PlyCount "130"]
[EventDate "1998.04.25"]

1. d4 d5 2. c4 e6 3. Nc3 c6 4. e3 Nd7 5. Nf3 Bd6 6. Qc2 f5 7. cxd5 cxd5 8. Nb5
Bb8 9. Bd2 Ne7 10. Bb4 Nf6 11. Ne5 a6 12. Bxe7 Kxe7 13. Qc5+ Ke8 14. Rc1 Bd7
15. Nc7+ Bxc7 16. Qxc7 Rc8 17. Qxd8+ Kxd8 18. Rxc8+ Kxc8 19. Bd3 Kb8 20. Kd2
Rc8 21. Rc1 Be8 22. b4 Nd7 23. Nxd7+ Bxd7 24. Rc5 Bc6 25. Ke2 Kc7 26. Kf3 Kd6
27. Kf4 g5+ 28. Kg3 Rf8 29. f4 Rg8 30. Kf3 h6 31. g3 b6 32. Rc1 Bb5 33. Ke2 Bc4
34. Kd2 b5 35. a3 a5 36. Ra1 Ra8 37. bxa5 Rxa5 38. Kc3 Ra4 39. Bc2 Ra7 40. a4
Ra8 41. a5 g4 42. Kb4 Kc6 43. h3 gxh3 44. Rh1 Rg8 45. Rxh3 Rg6 46. Bd1 Bf1 47.
Bh5 Rg8 48. Rh1 Bc4 49. Rg1 Kd6 50. g4 Be2 51. a6 Bxg4 52. Ka5 b4 53. a7 b3 54.
Bxg4 fxg4 55. Rxg4 Rc8 56. Kb6 b2 57. Rg1 Rc1 58. Rxc1 bxc1=Q 59. a8=Q Qb2+ 60.
Ka7 Qa3+ 61. Kb8 Qb4+ 62. Kc8 Qc3+ 63. Kb7 Qc6+ 64. Ka7 Qxa8+ 65. Kxa8 h5 0-1

[Event "Vbg98-ch"]
[Site "Hohenems"]
[Date "1998.04.28"]
[Round "4"]
[White "Bezler, R."]
[Black "Schmidlechner, A."]
[Result "1-0"]
[WhiteElo "2245"]
[BlackElo "2175"]
[PlyCount "71"]
[EventDate "1998.04.25"]

1. e4 g6 2. d4 c6 3. Nc3 d5 4. g3 Bg7 5. exd5 cxd5 6. Bg2 Nf6 7. Nge2 O-O 8.
O-O Nc6 9. b3 Bg4 10. h3 Bxe2 11. Nxe2 Ne4 12. Bb2 Rc8 13. Nf4 Nxd4 14. Bxd4 e5
15. Nxd5 Qxd5 16. Bxa7 Qxd1 17. Raxd1 Nc3 18. Rd7 b5 19. b4 Rfe8 20. a3 e4 21.
Re1 f5 22. Bf1 Red8 23. Rb7 Ra8 24. Be3 Rdb8 25. Rxg7+ Kxg7 26. Bd4+ Kf7 27.
Bxc3 Rxa3 28. Be5 Rb7 29. c4 bxc4 30. Bxc4+ Ke7 31. Rb1 Ra4 32. Bd4 Kd6 33.
Bc5+ Kc6 34. Rd1 Kc7 35. Bd5 Rb5 36. Be6 1-0

[Event "Vbg98-ch"]
[Site "Hohenems"]
[Date "1998.04.28"]
[Round "4"]
[White "Grabher, H."]
[Black "Spiegel, W."]
[Result "1-0"]
[WhiteElo "2260"]
[BlackElo "2175"]
[PlyCount "71"]
[EventDate "1998.04.25"]

1. e4 e6 2. d4 d5 3. Nc3 Bb4 4. Bd2 dxe4 5. Qg4 Qxd4 6. Nf3 Nh6 7. Qxe6+ Bxe6
8. Nxd4 Bxc3 9. Bxc3 O-O 10. Nxe6 fxe6 11. Bc4 Re8 12. Rd1 Nf7 13. O-O Nd6 14.
Bb3 Nc6 15. Rfe1 Kf7 16. Re3 Rad8 17. Rde1 Ne7 18. Rh3 Nd5 19. Be5 h6 20. c4
Nb4 21. c5 Nd3 22. Rxd3 exd3 23. cxd6 cxd6 24. Bc3 d5 25. Rd1 d4 26. Bb4 Rc8
27. f4 Red8 28. f5 Rc2 29. fxe6+ Kg6 30. e7 Rdc8 31. Rxd3 Rxb2 32. Rxd4 Rc1+
33. Rd1 Rxd1+ 34. Bxd1 Kf7 35. Bh5+ g6 36. Bxg6+ 1-0

[Event "Vbg98-ch"]
[Site "Hohenems"]
[Date "1998.04.28"]
[Round "4"]
[White "Kostic, V."]
[Black "Gasser, K."]
[Result "1-0"]
[WhiteElo "2420"]
[BlackElo "2115"]
[PlyCount "49"]
[EventDate "1998.04.25"]

1. d4 Nf6 2. c4 g6 3. Nc3 Bg7 4. e4 d6 5. f3 O-O 6. Be3 Nbd7 7. Nh3 e5 8. d5
Ne8 9. g4 f5 10. gxf5 gxf5 11. Ng5 Nc5 12. exf5 Bxf5 13. h4 h6 14. Nge4 b6 15.
Qd2 Kh7 16. O-O-O Nf6 17. Ng3 Bd7 18. b4 Nb7 19. Bd3+ Kg8 20. Bxh6 Ne8 21. Nh5
Kf7 22. Rdg1 Bxh6 23. Qxh6 Ke7 24. Qg5+ Nf6 25. Ne4 1-0

[Event "Vbg98-ch"]
[Site "Hohenems"]
[Date "1998.04.28"]
[Round "4"]
[White "Gaertner, G."]
[Black "Videki, S."]
[Result "1/2-1/2"]
[WhiteElo "2315"]
[BlackElo "2430"]
[PlyCount "40"]
[EventDate "1998.04.25"]

1. d4 f5 2. g3 Nf6 3. Bg2 d6 4. Nf3 g6 5. O-O Bg7 6. c4 O-O 7. Nc3 Qe8 8. d5 c6
9. Nd4 Bd7 10. Rb1 Na6 11. b4 c5 12. bxc5 Nxc5 13. Nb3 Rc8 14. Nxc5 Rxc5 15.
Rxb7 Rxc4 16. Bd2 Qc8 17. Rb3 Ng4 18. Nb5 a6 19. Na7 Qc7 20. Nc6 Bxc6 1/2-1/2

[Event "Vbg98-ch"]
[Site "Hohenems"]
[Date "1998.04.28"]
[Round "4"]
[White "Paunovic, D."]
[Black "Velickovic, S."]
[Result "1/2-1/2"]
[WhiteElo "2475"]
[BlackElo "2395"]
[PlyCount "29"]
[EventDate "1998.04.25"]

1. e4 e5 2. Nf3 Nc6 3. Bb5 a6 4. Ba4 Nf6 5. O-O b5 6. Bb3 Be7 7. Re1 O-O 8. c3
d6 9. h3 Nb8 10. d4 Nbd7 11. Nbd2 Bb7 12. Bc2 Re8 13. Nf1 Bf8 14. Ng3 g6 15. a4
1/2-1/2

[Event "Vbg98-ch"]
[Site "Hohenems"]
[Date "1998.04.29"]
[Round "5"]
[White "Velickovic, S."]
[Black "Bezler, R."]
[Result "1-0"]
[WhiteElo "2395"]
[BlackElo "2245"]
[PlyCount "63"]
[EventDate "1998.04.25"]

1. e4 e5 2. Nf3 Nf6 3. Nxe5 d6 4. Nc4 Nxe4 5. Nc3 Nxc3 6. bxc3 Be7 7. d4 O-O 8.
Bd3 Nd7 9. O-O Nb6 10. Ne3 Be6 11. c4 c6 12. Rb1 Rb8 13. d5 Bd7 14. Qf3 Bf6 15.
Bd2 Na4 16. Bf5 Re8 17. Rfe1 Bxf5 18. Nxf5 Re5 19. dxc6 bxc6 20. Rxb8 Qxb8 21.
Qxc6 Rxe1+ 22. Bxe1 Bc3 23. Qxa4 Bxe1 24. Qd7 Bc3 25. g3 Be5 26. Ne7+ Kf8 27.
Nc6 Qb1+ 28. Kg2 g6 29. Nd8 Kg7 30. Qxf7+ Kh6 31. Qf8+ Kh5 32. Qe7 1-0

[Event "Vbg98-ch"]
[Site "Hohenems"]
[Date "1998.04.29"]
[Round "5"]
[White "Videki, S."]
[Black "Paunovic, D."]
[Result "1/2-1/2"]
[WhiteElo "2430"]
[BlackElo "2475"]
[PlyCount "26"]
[EventDate "1998.04.25"]

1. e4 e5 2. Nf3 Nc6 3. Bb5 a6 4. Ba4 Nf6 5. O-O Be7 6. Re1 b5 7. Bb3 d6 8. c3
O-O 9. h3 Nb8 10. d4 Nbd7 11. a4 Bb7 12. Nbd2 c5 13. Bc2 Re8 1/2-1/2

[Event "Vbg98-ch"]
[Site "Hohenems"]
[Date "1998.04.29"]
[Round "5"]
[White "Gasser, K."]
[Black "Gaertner, G."]
[Result "0-1"]
[WhiteElo "2115"]
[BlackElo "2315"]
[PlyCount "62"]
[EventDate "1998.04.25"]

1. Nf3 Nf6 2. c4 e6 3. g3 b6 4. Bg2 Bb7 5. O-O Be7 6. Nc3 O-O 7. Re1 d5 8. cxd5
Nxd5 9. Nxd5 exd5 10. d4 c5 11. b3 a5 12. Ne5 Nc6 13. Nxc6 Bxc6 14. a4 Bf6 15.
Bb2 b5 16. axb5 Bxb5 17. Rc1 c4 18. bxc4 Bxc4 19. Rxc4 dxc4 20. Bxa8 Qxa8 21.
Qa4 Rc8 22. Ra1 c3 23. Bc1 h5 24. Be3 Qa6 25. Kf1 Qb7 26. f3 c2 27. Ke1 Qb2 28.
Bc1 Qc3+ 29. Bd2 Qxd4 30. Qxd4 Bxd4 31. Rxa5 Bc3 0-1

[Event "Vbg98-ch"]
[Site "Hohenems"]
[Date "1998.04.29"]
[Round "5"]
[White "Spiegel, W."]
[Black "Kostic, V."]
[Result "0-1"]
[WhiteElo "2175"]
[BlackElo "2420"]
[PlyCount "102"]
[EventDate "1998.04.25"]

1. d4 Nf6 2. c4 e6 3. Nc3 Bb4 4. e3 c5 5. Bd3 d5 6. Nf3 cxd4 7. exd4 dxc4 8.
Bxc4 O-O 9. O-O Bxc3 10. bxc3 Qc7 11. Qd3 Nbd7 12. Bg5 b6 13. Rfe1 Bb7 14. Bb3
Rfc8 15. Rac1 Qd6 16. Bc2 Qd5 17. Bb1 Qc4 18. Ne5 Nxe5 19. Rxe5 Qxd3 20. Bxd3
Nd5 21. Bd2 Rc7 22. c4 Ne7 23. Ree1 Rd7 24. Bc3 Rc8 25. Bb2 Ba6 26. Red1 Rdc7
27. Ba3 Kf8 28. c5 Bxd3 29. Rxd3 Kg8 30. Kf1 Nd5 31. g3 h5 32. h4 Rc6 33. Rdd1
b5 34. Ke2 Ra6 35. Bb2 Rxa2 36. Rd2 Rc6 37. Ra1 Rxa1 38. Bxa1 Ra6 39. Bb2 Kf8
40. Kd3 Ke8 41. Kc2 Ra4 42. Re2 Rc4+ 43. Kb3 a5 44. Rd2 Kd7 45. Ka2 Kc6 46. Kb1
a4 47. Rd3 b4 48. Rf3 f5 49. Rd3 a3 50. Bc1 Kb5 51. f3 Ka4 0-1

[Event "Vbg98-ch"]
[Site "Hohenems"]
[Date "1998.04.29"]
[Round "5"]
[White "Schmidlechner, A."]
[Black "Grabher, H."]
[Result "1/2-1/2"]
[WhiteElo "2175"]
[BlackElo "2260"]
[PlyCount "153"]
[EventDate "1998.04.25"]

1. d4 d5 2. c4 Nc6 3. Nc3 dxc4 4. d5 Ne5 5. f4 Nd7 6. e4 Nb6 7. Be3 e6 8. Bxc4
Nxc4 9. Qa4+ Bd7 10. Qxc4 exd5 11. Nxd5 c6 12. Nc3 Qh4+ 13. g3 Qg4 14. Qb3 b5
15. Rd1 Qe6 16. Qxe6+ Bxe6 17. f5 Bd7 18. Nf3 f6 19. g4 O-O-O 20. Kf2 Re8 21.
Bxa7 Nh6 22. h3 Nf7 23. Rd2 Bd6 24. Rhd1 Kc7 25. Kg2 Rd8 26. Bf2 Rhe8 27. a3 h6
28. Bg3 Bxg3 29. Kxg3 Ng5 30. Re1 Nxf3 31. Kxf3 Re5 32. Red1 Re7 33. Na2 Rde8
34. Nb4 Bc8 35. Re1 Bb7 36. Kf4 Kb6 37. Rd6 Kc7 38. Rd2 Kb6 39. Rde2 c5 40. Nd3
c4 41. Nb4 Re5 42. Nc2 Kc5 43. Re3 Rd8 44. R1e2 Rd1 45. Ne1 Bc6 46. Nf3 Re8 47.
Re1 Rd7 48. h4 b4 49. axb4+ Kxb4 50. g5 hxg5+ 51. hxg5 Kc5 52. e5 fxg5+ 53.
Kxg5 Rb7 54. R1e2 Reb8 55. e6 Be8 56. Re5+ Kc6 57. Rc2 Rxb2 58. Rxc4+ Kd6 59.
Rd4+ Kc6 60. Re1 Rg2+ 61. Rg4 Rxg4+ 62. Kxg4 Kd6 63. Ne5 Ke7 64. Kg5 Rb2 65.
Ra1 Rg2+ 66. Ng4 Bc6 67. Ra7+ Kf8 68. Kf4 Re2 69. Rc7 Re4+ 70. Kg5 Bd5 71. Rc8+
Ke7 72. Rc7+ Kf8 73. Nf6 gxf6+ 74. Kxf6 Bxe6 75. fxe6 Rf4+ 76. Kg6 Ke8 77. Ra7
1/2-1/2

[Event "Vbg98-ch"]
[Site "Hohenems"]
[Date "1998.04.30"]
[Round "6"]
[White "Bezler, R."]
[Black "Grabher, H."]
[Result "1/2-1/2"]
[WhiteElo "2245"]
[BlackElo "2260"]
[PlyCount "99"]
[EventDate "1998.04.25"]

1. d4 d5 2. Nf3 Nc6 3. Bf4 Bg4 4. Nbd2 e6 5. h3 Bh5 6. e3 Bd6 7. Bxd6 Qxd6 8.
Be2 Nf6 9. O-O O-O 10. c4 e5 11. Rc1 e4 12. Ne1 Bxe2 13. Qxe2 Rfe8 14. a3 a6
15. Nc2 Ne7 16. Nb4 c6 17. cxd5 Nexd5 18. Nxd5 Nxd5 19. Qg4 Qe6 20. Qxe6 Rxe6
21. Rfe1 f5 22. Nb3 f4 23. Nc5 Re7 24. exf4 Nxf4 25. Rc3 Rd8 26. Rce3 Rxd4 27.
Nxe4 Nd3 28. Ng5 Rxe3 29. Rxe3 g6 30. Re7 Nxb2 31. Rxb7 Nc4 32. Nxh7 Nxa3 33.
Nf6+ Kf8 34. Rb6 a5 35. Rxc6 a4 36. Ng4 Nb5 37. Ra6 a3 38. Ne3 Kg7 39. g4 Rd2
40. Nc4 Rd3 41. Ra5 Rc3 42. Rxb5 a2 43. Ra5 Rc1+ 44. Kg2 a1=Q 45. Rxa1 Rxa1 46.
Kg3 Rg1+ 47. Kf4 Rh1 48. Kg5 Rxh3 49. Ne5 Rc3 50. f4 1/2-1/2

[Event "Vbg98-ch"]
[Site "Hohenems"]
[Date "1998.04.30"]
[Round "6"]
[White "Kostic, V."]
[Black "Schmidlechner, A."]
[Result "1-0"]
[WhiteElo "2420"]
[BlackElo "2175"]
[PlyCount "49"]
[EventDate "1998.04.25"]

1. e4 g6 2. d4 c6 3. c4 d5 4. exd5 cxd5 5. Nc3 Nf6 6. cxd5 Nxd5 7. Bc4 Nb6 8.
Bb3 Bg7 9. Nge2 O-O 10. O-O Nc6 11. Be3 Bf5 12. d5 Na5 13. Nd4 Bc8 14. Re1 Nac4
15. Bg5 Re8 16. Rb1 h6 17. Bh4 Nd6 18. Rc1 Bd7 19. Bg3 Rc8 20. Be5 Bf8 21. Ne6
fxe6 22. dxe6 Bc6 23. Qg4 Kh7 24. Bc2 Ne4 25. Nxe4 1-0

[Event "Vbg98-ch"]
[Site "Hohenems"]
[Date "1998.04.30"]
[Round "6"]
[White "Gaertner, G."]
[Black "Spiegel, W."]
[Result "1-0"]
[WhiteElo "2315"]
[BlackElo "2175"]
[PlyCount "121"]
[EventDate "1998.04.25"]

1. b3 d5 2. Bb2 Nf6 3. e3 c6 4. Nf3 Bg4 5. Be2 Nbd7 6. h3 Bh5 7. O-O e6 8. c4
Bd6 9. Nc3 O-O 10. Rc1 Qe7 11. Rc2 Bg6 12. d3 h6 13. Ne1 Nb6 14. a4 a5 15. Qa1
e5 16. Nd1 Nfd7 17. f4 f5 18. fxe5 Bxe5 19. d4 Bf6 20. Ba3 c5 21. Qc1 dxc4 22.
dxc5 Nxc5 23. Bxc4+ Nxc4 24. Rxc4 b6 25. Bxc5 bxc5 26. Rxc5 Rfe8 27. Nf3 Qd7
28. Nd4 Rac8 29. Qc4+ Kh7 30. Qb5 Qa7 31. Rxc8 Rxc8 32. Nxf5 Rc5 33. Qd3 Qb6
34. Kh1 Qe6 35. e4 Be5 36. Qe3 Rc2 37. Nh4 Bf7 38. Nf3 Bc7 39. e5 Bb6 40. Nd4
Bxd4 41. Qxd4 Qxb3 42. Rf3 Qd5 43. Qd3+ Qxd3 44. Rxd3 Rc5 45. Nc3 Rxe5 46. Kh2
Bg6 47. Rd4 Bc2 48. Rc4 Bb3 49. Rc6 Rf5 50. Rb6 Bc2 51. Rb5 Kg6 52. Kg3 Bd3 53.
Rb6+ Kf7 54. Rd6 Bc2 55. Rd2 Bb3 56. Rb2 Bc4 57. Rb7+ Kf8 58. Rc7 Bb3 59. h4 g6
60. Rb7 Rf7 61. Rxb3 1-0

[Event "Vbg98-ch"]
[Site "Hohenems"]
[Date "1998.04.30"]
[Round "6"]
[White "Paunovic, D."]
[Black "Gasser, K."]
[Result "1-0"]
[WhiteElo "2475"]
[BlackElo "2115"]
[PlyCount "59"]
[EventDate "1998.04.25"]

1. d4 Nf6 2. Nf3 d6 3. g3 Nbd7 4. c4 e5 5. Bg2 Be7 6. O-O O-O 7. Nc3 c6 8. Qc2
Qc7 9. Rd1 Re8 10. Rb1 a5 11. a3 Nf8 12. h3 Ng6 13. b4 axb4 14. axb4 h5 15.
dxe5 dxe5 16. h4 Ng4 17. Ng5 f5 18. c5 Bxg5 19. Bxg5 e4 20. Rd6 Be6 21. f3 exf3
22. exf3 N4e5 23. Re1 Bf7 24. Red1 Ra3 25. Bc1 Rb3 26. f4 Rxb4 27. fxe5 Rxe5
28. Rd8+ Kh7 29. R8d7 Bb3 30. Qd2 1-0

[Event "Vbg98-ch"]
[Site "Hohenems"]
[Date "1998.04.30"]
[Round "6"]
[White "Velickovic, S."]
[Black "Videki, S."]
[Result "1/2-1/2"]
[WhiteElo "2395"]
[BlackElo "2430"]
[PlyCount "21"]
[EventDate "1998.04.25"]

1. Nf3 d6 2. c4 g6 3. Nc3 Bg7 4. g3 Nf6 5. Bg2 O-O 6. O-O e5 7. d3 Nc6 8. Rb1
a5 9. a3 h6 10. b4 axb4 11. axb4 1/2-1/2

[Event "Vbg98-ch"]
[Site "Hohenems"]
[Date "1998.05.01"]
[Round "7"]
[White "Videki, S."]
[Black "Bezler, R."]
[Result "1-0"]
[WhiteElo "2430"]
[BlackElo "2245"]
[PlyCount "53"]
[EventDate "1998.04.25"]

1. e4 c5 2. Nf3 d6 3. d4 cxd4 4. Nxd4 Nf6 5. Nc3 a6 6. Bg5 e6 7. f4 b5 8. e5
dxe5 9. fxe5 Qc7 10. exf6 Qe5+ 11. Be2 Qxg5 12. Qd3 Ra7 13. Ne4 Qe5 14. Nf3
Qxb2 15. O-O Rd7 16. Qe3 Bb7 17. a4 Bxe4 18. Qxe4 Bc5+ 19. Kh1 gxf6 20. axb5
O-O 21. Rab1 Qc3 22. Rb3 f5 23. Qh4 Qg7 24. bxa6 Kh8 25. Qa4 Rg8 26. g3 e5 27.
Rxb8 1-0

[Event "Vbg98-ch"]
[Site "Hohenems"]
[Date "1998.05.01"]
[Round "7"]
[White "Gasser, K."]
[Black "Velickovic, S."]
[Result "1/2-1/2"]
[WhiteElo "2115"]
[BlackElo "2395"]
[PlyCount "97"]
[EventDate "1998.04.25"]

1. Nf3 c5 2. c4 g6 3. g3 Bg7 4. Bg2 Nc6 5. O-O d6 6. Nc3 Nh6 7. e3 Nf5 8. Rb1
h5 9. h4 O-O 10. a3 a5 11. b3 Rb8 12. Bb2 e5 13. Nb5 Qb6 14. e4 Nfd4 15. Nfxd4
Nxd4 16. Nxd4 cxd4 17. d3 Qc7 18. Bc1 b5 19. Qc2 bxc4 20. bxc4 Rxb1 21. Qxb1
Bd7 22. Bd2 Qa7 23. Qa2 Rb8 24. Rb1 Rb6 25. Rb2 Qb8 26. Bc1 a4 27. Rxb6 Qxb6
28. Bf3 Qb3 29. Qd2 Bg4 30. Bxg4 hxg4 31. Kf1 f5 32. exf5 gxf5 33. Ke2 e4 34.
Qd1 Qa2+ 35. Qd2 Qb1 36. Kd1 Qb7 37. Qb4 Qe7 38. dxe4 fxe4 39. Qxa4 Qf7 40.
Qa8+ Bf8 41. Qxe4 Qxc4 42. Qxg4+ Bg7 43. Qe2 d3 44. Qe8+ Kh7 45. Qh5+ Kg8 46.
Bd2 Qa4+ 47. Ke1 Qe4+ 48. Kd1 Qa4+ 49. Ke1 1/2-1/2